|
|
|
|
| LEADER |
00000cam a2200000 c 4500 |
| 001 |
267745907 |
| 003 |
DE-627 |
| 005 |
20251222211833.0 |
| 007 |
tu |
| 008 |
990421s1996 xxk||||| 00| ||eng c |
| 010 |
|
|
|a 93033920
|
| 016 |
7 |
|
|a b9497401
|2 UK
|
| 020 |
|
|
|a 0415093201
|c : £ 13.99 (pbk.)
|9 0-415-09320-1
|
| 020 |
|
|
|a 041509321X
|9 0-415-09321-X
|
| 035 |
|
|
|a (DE-627)267745907
|
| 035 |
|
|
|a (DE-576)055424309
|
| 035 |
|
|
|a (DE-599)GBV267745907
|
| 035 |
|
|
|a (OCoLC)833552842
|
| 035 |
|
|
|a (OCoLC)29221432
|
| 040 |
|
|
|a DE-627
|b ger
|c DE-627
|e rakwb
|
| 041 |
|
|
|a eng
|
| 044 |
|
|
|c XA-GB
|c XD-US
|
| 082 |
0 |
|
|a 364.24
|
| 082 |
0 |
|
|a 364.2/4
|
| 084 |
|
|
|a 6,23
|2 ssgn
|
| 084 |
|
|
|a PH 8300
|2 rvk
|0 (DE-625)rvk/136497:
|
| 084 |
|
|
|a 71.32
|2 bkl
|
| 084 |
|
|
|a 86.41
|2 bkl
|
| 245 |
0 |
0 |
|a Just boys doing business?
|b men, masculinities and crime
|c ed. by Tim Newburn ..
|
| 250 |
|
|
|a Reprinted
|
| 263 |
|
|
|a : £ 40.00
|
| 264 |
|
1 |
|a London [u.a.]
|b Routledge
|c 1996
|
| 300 |
|
|
|a XII, 290 S
|
| 336 |
|
|
|a Text
|b txt
|2 rdacontent
|
| 337 |
|
|
|a ohne Hilfsmittel zu benutzen
|b n
|2 rdamedia
|
| 338 |
|
|
|a Band
|b nc
|2 rdacarrier
|
| 500 |
|
|
|a Literaturverz. S. [253] - 277
|
| 583 |
1 |
|
|a Archivierung prüfen
|c 20200919
|f DE-640
|z 2
|2 pdager
|
| 583 |
1 |
|
|a Archivierung prüfen
|c 20240324
|f DE-4165
|z 2
|2 pdager
|
| 650 |
|
0 |
|a Crime
|x Sex differences
|
| 650 |
|
0 |
|a Criminal Behavior
|
| 650 |
|
0 |
|a Masculinity (Psychology)
|
| 650 |
|
0 |
|a Crimes
|x Causes
|
| 655 |
|
7 |
|a Aufsatzsammlung
|0 (DE-588)4143413-4
|0 (DE-627)105605727
|0 (DE-576)209726091
|2 gnd-content
|
| 689 |
0 |
0 |
|d s
|0 (DE-588)4062653-2
|0 (DE-627)106130862
|0 (DE-576)209145358
|a Verbrechen
|2 gnd
|
| 689 |
0 |
1 |
|d s
|0 (DE-588)4123701-8
|0 (DE-627)104682345
|0 (DE-576)209561939
|a Männlichkeit
|2 gnd
|
| 689 |
0 |
|
|5 (DE-627)
|
| 700 |
1 |
|
|a Newburn, Tim
|d 1959-
|e Hrsg.
|0 (DE-588)143672207
|0 (DE-627)704565226
|0 (DE-576)165140259
|4 edt
|
| 935 |
|
|
|a mkri
|
| 935 |
|
|
|i Blocktest
|
| 936 |
r |
v |
|a PH 8300
|b Kriminalbiologie; Kriminalanthropologie; Kriminalethologie; Kriminalpsychologie; Kriminalsoziologie, Abweichendes Verhalten/Soziologie; Labeling approach; Radikale Kriminologie, Kritische Kriminologie
|k Rechtswissenschaft
|k Strafrecht, Strafverfahrensrecht, Kriminologie
|k Kriminologie
|k Kriminalitätstheorien
|k Kriminalbiologie; Kriminalanthropologie; Kriminalethologie; Kriminalpsychologie; Kriminalsoziologie, Abweichendes Verhalten/Soziologie; Labeling approach; Radikale Kriminologie, Kritische Kriminologie
|0 (DE-627)1271739763
|0 (DE-625)rvk/136497:
|0 (DE-576)201739763
|
| 936 |
b |
k |
|a 71.32
|j Mann
|x Soziologie
|0 (DE-627)106412663
|
| 936 |
b |
k |
|a 86.41
|j Kriminologie
|0 (DE-627)181572001
|
| 951 |
|
|
|a BO
|
| ELC |
|
|
|b 1
|
| LOK |
|
|
|0 000 xxxxxcx a22 zn 4500
|
| LOK |
|
|
|0 001 3153785732
|
| LOK |
|
|
|0 003 DE-627
|
| LOK |
|
|
|0 004 267745907
|
| LOK |
|
|
|0 005 19970410000000
|
| LOK |
|
|
|0 008 970410||||||||||||||||ger|||||||
|
| LOK |
|
|
|0 040
|a DE-Frei85
|c DE-627
|d DE-Frei85
|
| LOK |
|
|
|0 852
|a DE-Frei85
|
| LOK |
|
|
|0 852 1
|m p
|9 00
|
| LOK |
|
|
|0 938
|k p
|
| LOK |
|
|
|0 939
|a 10-04-97
|b l01
|
| ORI |
|
|
|a SA-MARC-krimdoka001.raw
|